[Event "DEM U10w 2016"]
[Site "Willingen GER"]
[Date "2016.05.15"]
[Round "1"]
[White "Nguyen, Phuong Thao Vivien"]
[Black "Peglau, Dora"]
[Result "1/2-1/2"]
[Termination "normal"]
[Board "1"]
[WhiteElo "1578"]
[BlackElo "1066"]
[WhiteClock "00:01:58"]
[BlackClock "00:51:19"]
[PlyCount "83"]
[WhiteFideId "16210735"]
[BlackFideId "16220005"]
[EventCountry "GER"]
[EventRounds "11"]
[EventType "swiss"]
[EventDate "2016.05.14"]

1. e4 e5 2. Nf3 d6 3. d4 exd4 4. Nxd4 Nf6 5. Bd3 Nc6 6. Nxc6 bxc6 7. O-O Rb8 8.
Re1 Be7 9. b3 Be6 10. Bb2 O-O 11. Nd2 Qd7 12. c4 c5 13. Qc2 Rfe8 14. e5 dxe5
15. Bxe5 g6 16. Qc3 Nh5 17. Rad1 Bd6 18. Nf3 Bg4 19. Be2 Qe6 20. Bxd6 cxd6 21.
Ng5 Qd7 22. Bxg4 Qxg4 23. Qc1 Nf4 24. g3 Ne2+ 25. Rxe2 Rxe2 26. f3 Qh5 27. h4
f6 28. Qc3 fxg5 29. Rxd6 Rf8 30. Rd7 Rf7 31. Rd8+ Rf8 32. Rd7 Qh6 33. Qd3 Rxa2
34. Qd5+ Kh8 35. Qe5+ Kg8 36. Qe6+ Kh8 37. Qe5+ Kg8 38. Qe6+ Kh8 39. Qe5+ Kg8
40. Qe6+ Kh8 41. Qe5+ Kg8 42. Qe6+ 1/2-1/2

[Event "DEM U10w 2016"]
[Site "Willingen GER"]
[Date "2016.05.15"]
[Round "1"]
[White "Breß, Amy Charlize"]
[Black "Butenandt, Svenja"]
[Result "0-1"]
[Termination "normal"]
[Board "2"]
[WhiteElo "1059"]
[BlackElo "1451"]
[WhiteClock "00:10:01"]
[BlackClock "00:12:49"]
[PlyCount "66"]
[WhiteFideId "16233786"]
[BlackFideId "12993859"]
[EventCountry "GER"]
[EventRounds "11"]
[EventType "swiss"]
[EventDate "2016.05.14"]

1. e4 d5 2. f3 e5 3. Ne2 Nf6 4. Ng3 Bc5 5. d3 Be6 6. Be2 Nc6 7. c3 h6 8. Nd2
Qd7 9. Nb3 Bb6 10. Bd2 O-O-O 11. Qc2 Kb8 12. Rf1 g5 13. O-O-O Rdg8 14. h3 h5
15. Kb1 h4 16. Nh1 Nh5 17. Be1 Nf4 18. Bf2 Nxg2 19. Bxb6 axb6 20. Qd2 Bxh3 21.
Rg1 Nf4 22. Nf2 Be6 23. Ng4 dxe4 24. Nf6 Qd8 25. Nxg8 Qxg8 26. dxe4 f6 27. Rh1
Bxb3 28. axb3 Qxb3 29. Rh2 Nxe2 30. Rxe2 Rd8 31. Qc2 Rxd1+ 32. Qc1 Rxc1+ 33.
Kxc1 Qe6 0-1

[Event "DEM U10w 2016"]
[Site "Willingen GER"]
[Date "2016.05.15"]
[Round "1"]
[White "Zhou, Lepu Coco"]
[Black "Derling, Charlotte"]
[Result "1-0"]
[Termination "normal"]
[Board "3"]
[WhiteElo "1645"]
[BlackElo "974"]
[WhiteClock "01:16:49"]
[BlackClock "00:53:41"]
[PlyCount "83"]
[WhiteFideId "16217136"]
[BlackFideId "16222237"]
[EventCountry "GER"]
[EventRounds "11"]
[EventType "swiss"]
[EventDate "2016.05.14"]

1. e4 c5 2. Nf3 d6 3. d4 cxd4 4. Qxd4 Nc6 5. Bb5 a6 6. Bxc6+ bxc6 7. Nc3 c5 8.
Qd3 Nf6 9. Bg5 g6 10. Bxf6 exf6 11. O-O-O Rb8 12. Qd2 Qb6 13. Na4 Qa7 14. Nc3
Qb7 15. b3 Be6 16. Nd5 Bxd5 17. Qxd5 Qxd5 18. exd5 Be7 19. c4 O-O 20. Rhe1 Rfe8
21. Re2 f5 22. Rde1 Kf8 23. Kb2 Bf6+ 24. Ka3 Bc3 25. Rxe8+ Rxe8 26. Rxe8+ Kxe8
27. Ka4 Kd7 28. Ng5 Kc7 29. Nxf7 Kb6 30. Nxd6 Be5 31. Nf7 Bxh2 32. d6 Kc6 33.
Ka5 Bxd6 34. Nxd6 Kxd6 35. Kxa6 Kc6 36. a3 h5 37. b4 cxb4 38. axb4 Kc7 39. Ka7
g5 40. b5 g4 41. b6+ Kd7 42. b7 1-0

[Event "DEM U10w 2016"]
[Site "Willingen GER"]
[Date "2016.05.15"]
[Round "1"]
[White "Grey, Anna"]
[Black "Bashylina, Luisa"]
[Result "0-1"]
[Termination "normal"]
[Board "4"]
[WhiteElo "964"]
[BlackElo "1664"]
[WhiteClock "01:09:33"]
[BlackClock "00:51:49"]
[PlyCount "92"]
[WhiteFideId "16226917"]
[BlackFideId "12983292"]
[EventCountry "GER"]
[EventRounds "11"]
[EventType "swiss"]
[EventDate "2016.05.14"]

1. c4 e5 2. Nc3 Nc6 3. e3 g6 4. Nf3 Bg7 5. Be2 f5 6. d4 e4 7. Nd2 Nf6 8. a3 O-O
9. b4 g5 10. Nd5 Kh8 11. Nxf6 Qxf6 12. Bb2 Qe7 13. Rb1 d6 14. d5 Ne5 15. Bxe5
Qxe5 16. Nb3 f4 17. Rf1 Bf5 18. Bg4 Rae8 19. Be2 f3 20. gxf3 exf3 21. Bd3 Qc3+
22. Qd2 Qxd3 23. Qxd3 Bxd3 24. Rc1 Bxf1 25. Kxf1 Bb2 26. Rc2 Bxa3 27. b5 Bb4
28. Nd4 Rf7 29. Rb2 Bc3 30. Rb1 Bxd4 31. exd4 Re4 32. Rd1 Rff4 33. h3 Rxd4 34.
Re1 Rxc4 35. Re8+ Kg7 36. Kg1 Rc5 37. Re7+ Rf7 38. Re1 Rxb5 39. Kh2 a5 40. Rg1
Kh6 41. Kg3 a4 42. Kh2 a3 43. Kh1 a2 44. Kh2 Rb1 45. Rxb1 axb1=Q 46. Kg3 Qg1#
0-1

[Event "DEM U10w 2016"]
[Site "Willingen GER"]
[Date "2016.05.15"]
[Round "1"]
[White "Pohle, Saskia"]
[Black "Bildat, Emilia"]
[Result "0-1"]
[Termination "normal"]
[Board "5"]
[WhiteElo "1228"]
[BlackElo "947"]
[WhiteClock "00:50:10"]
[BlackClock "00:59:54"]
[PlyCount "140"]
[WhiteFideId "16201604"]
[BlackFideId "16218140"]
[EventCountry "GER"]
[EventRounds "11"]
[EventType "swiss"]
[EventDate "2016.05.14"]

1. e4 e5 2. Nf3 Nc6 3. d4 exd4 4. Bc4 d6 5. Nxd4 Nf6 6. Nc3 Ne5 7. Bb3 Bd7 8.
Bf4 Be7 9. Bxe5 dxe5 10. Nf3 Bd6 11. O-O Qe7 12. Qd2 O-O-O 13. Rad1 c6 14. Rfe1
Be6 15. Bxe6+ fxe6 16. Qe3 Bc5 17. Rxd8+ Rxd8 18. Qe2 Bd6 19. Rd1 Bc7 20. h3 h5
21. a4 a6 22. Rxd8+ Qxd8 23. b4 Qd6 24. b5 Qb4 25. Qd3 axb5 26. axb5 cxb5 27.
Nxb5 Qxe4 28. Qxe4 Nxe4 29. Nxc7 Kxc7 30. Nxe5 Kd6 31. Nc4+ Kc5 32. Ne3 b5 33.
Kf1 Kd4 34. Ke2 Kc3 35. g4 h4 36. Kf3 Nd2+ 37. Ke2 Nc4 38. Nxc4 bxc4 39. Kd1 e5
40. f3 g5 41. Kc1 e4 42. fxe4 Kd4 43. Kd2 Kxe4 44. Ke2 c3 45. Kf2 Kf4 46. Kg2
Ke3 47. Kf1 Kd2 48. Kf2 Kxc2 49. Ke3 Kd1 50. Kd4 c2 51. Ke5 c1=Q 52. Kd4 Qf4+
53. Kd5 Kc2 54. Kc5 Kd3 55. Kd5 Qd4+ 56. Ke6 Qc5 57. Kf6 Qd6+ 58. Kxg5 Qg3 59.
Kh5 Ke4 60. g5 Kf5 61. Kh6 Qxg5+ 62. Kh7 Qg6+ 63. Kh8 Qa6 64. Kg7 Qb6 65. Kh7
Kg5 66. Kg7 Qb7+ 67. Kf8 Kg6 68. Ke8 Kf6 69. Kd8 Ke6 70. Ke8 Qe7# 0-1

[Event "DEM U10w 2016"]
[Site "Willingen GER"]
[Date "2016.05.15"]
[Round "1"]
[White "Wimmer, Katharina"]
[Black "Schneider, Anna"]
[Result "0-1"]
[Termination "normal"]
[Board "6"]
[WhiteElo "934"]
[BlackElo "1365"]
[WhiteClock "01:14:31"]
[BlackClock "01:02:58"]
[PlyCount "86"]
[WhiteFideId "16265947"]
[BlackFideId "16200527"]
[EventCountry "GER"]
[EventRounds "11"]
[EventType "swiss"]
[EventDate "2016.05.14"]

1. e4 e5 2. Nf3 Nc6 3. Bc4 Bc5 4. Nc3 d6 5. d3 Bg4 6. h3 Bh5 7. Be3 Bb6 8. Qd2
Nd4 9. Bxd4 Bxd4 10. g4 Bg6 11. h4 h6 12. O-O-O Qd7 13. g5 Bh5 14. Qe2 Qg4 15.
Nxd4 exd4 16. Qxg4 Bxg4 17. Nd5 Bxd1 18. Nxc7+ Kd7 19. Rxd1 Kxc7 20. Bxf7 hxg5
21. hxg5 Rf8 22. g6 Nh6 23. Rg1 Nxf7 24. gxf7 Rxf7 25. Rg2 g5 26. Kd2 Rh1 27.
b3 g4 28. Ke2 Rh4 29. a4 Kc6 30. Kd2 Rh1 31. Ke2 Rf4 32. Kd2 a5 33. Ke2 b5 34.
Kd2 bxa4 35. bxa4 Kc5 36. c3 Ra1 37. Rh2 Rxa4 38. Rh5+ Kc6 39. cxd4 Rxf2+ 40.
Ke3 Raa2 41. d5+ Kc5 42. d4+ Kc4 43. Rh1 Rae2# 0-1

[Event "DEM U10w 2016"]
[Site "Willingen GER"]
[Date "2016.05.15"]
[Round "1"]
[White "Lorenz, Anouk"]
[Black "Keymer, Cecilia"]
[Result "0-1"]
[Termination "normal"]
[Board "7"]
[WhiteElo "1187"]
[BlackElo "923"]
[PlyCount "100"]
[WhiteFideId "12990256"]
[BlackFideId "16233468"]
[EventCountry "GER"]
[EventRounds "11"]
[EventType "swiss"]
[EventDate "2016.05.14"]

1. d4 d5 2. Nf3 Nc6 3. e3 Bf5 4. c4 e6 5. Nc3 Nf6 6. Be2 Be7 7. O-O O-O 8. c5
Qd7 9. Re1 Rfe8 10. Bd3 Bxd3 11. Qxd3 b6 12. e4 dxe4 13. Nxe4 Nxe4 14. Qxe4
bxc5 15. dxc5 Bxc5 16. Qg4 g6 17. Qg5 Be7 18. Qh6 Bf6 19. Be3 Rab8 20. Rad1 Qe7
21. b3 Qf8 22. Qh3 a6 23. Bg5 Bxg5 24. Nxg5 Qg7 25. Rd7 Re7 26. Red1 Rxd7 27.
Rf1 Rb5 28. f4 Qd4+ 29. Rf2 Qg7 30. g4 Rd1+ 31. Kg2 Rd6 32. Ne4 Rd4 33. Qf3 Ne7
34. Nd2 f5 35. Nc4 fxg4 36. Qe3 Qf6 37. Ne5 Rd6 38. Nxg4 Qh4 39. Ne5 Nf5 40.
Qe4 Rdd5 41. Qe2 Nd4 42. Qe4 g5 43. fxg5 Qxe4+ 44. Rf3 Qxe5 45. g6 Nxf3 46.
Kxf3 hxg6 47. b4 Rxb4 48. a4 Qf4+ 49. Ke2 Rd2+ 50. Ke1 Re4# 0-1

[Event "DEM U10w 2016"]
[Site "Willingen GER"]
[Date "2016.05.15"]
[Round "1"]
[White "Scherf, Alexa"]
[Black "Müller, Alina"]
[Result "0-1"]
[Termination "normal"]
[Board "8"]
[WhiteElo "922"]
[BlackElo "1159"]
[PlyCount "70"]
[BlackFideId "16265939"]
[EventCountry "GER"]
[EventRounds "11"]
[EventType "swiss"]
[EventDate "2016.05.14"]

1. e4 e6 2. Nf3 d5 3. d3 Nf6 4. Nc3 c6 5. Bf4 Bb4 6. Be2 d4 7. a3 Ba5 8. b4
dxc3 9. bxa5 Qxa5 10. Be5 Nbd7 11. Bd4 O-O 12. O-O Ng4 13. Nh4 e5 14. Bxg4 exd4
15. Nf5 Rd8 16. Ne7+ Kf8 17. Nxc8 Raxc8 18. Bh3 Rc7 19. f4 Re8 20. Rf3 Kg8 21.
Rg3 Nf6 22. f5 g6 23. Qf3 Nh5 24. Qxh5 Kh8 25. Qh6 Rg8 26. f6 Qe5 27. Rf1 Qh5
28. Qf4 Rcc8 29. Bxc8 Rxc8 30. Qd6 Rg8 31. Rf5 Qd1+ 32. Kf2 Qd2+ 33. Kf3 Qe3+
34. Kg4 gxf5+ 35. Kh3 Qh6# 0-1

[Event "DEM U10w 2016"]
[Site "Willingen GER"]
[Date "2016.05.15"]
[Round "1"]
[White "Antonava, Sviatlana"]
[Black "Zöllner, Bente"]
[Result "1-0"]
[Termination "normal"]
[Board "9"]
[WhiteElo "1156"]
[BlackElo "922"]
[PlyCount "191"]
[WhiteFideId "16216806"]
[BlackFideId "16230523"]
[EventCountry "GER"]
[EventRounds "11"]
[EventType "swiss"]
[EventDate "2016.05.14"]

1. d4 Nf6 2. Bg5 g6 3. Nf3 Bg7 4. e3 d6 5. Nbd2 Be6 6. Bd3 Nbd7 7. O-O O-O 8.
h3 c5 9. c4 cxd4 10. Nxd4 Nc5 11. Be2 Bd7 12. b3 Ne6 13. N2f3 Ne4 14. Bh4 Re8
15. Rc1 Qa5 16. Qc2 d5 17. Rfd1 Nxd4 18. Nxd4 Nd6 19. Nf3 dxc4 20. Bxc4 Bf5 21.
Qe2 Nxc4 22. Rxc4 b5 23. Rcc1 Bc8 24. Nd4 Ba6 25. Nc6 b4 26. Nxa5 Bxe2 27. Rd7
e6 28. Rcc7 Rac8 29. Rxf7 Rxc7 30. Rxc7 Bf8 31. Nc6 Bb5 32. Nxa7 Rb8 33. Nxb5
Rxb5 34. Rc8 Kg7 35. Kf1 Ra5 36. Rc2 g5 37. Bg3 e5 38. Ke2 Bd6 39. Kd3 Kf6 40.
Ke4 Ke6 41. f3 h6 42. Be1 h5 43. g3 Bc5 44. Rh2 Kf7 45. h4 Kf6 46. f4 exf4 47.
exf4 gxf4 48. Kxf4 Bd6+ 49. Kf3 Rf5+ 50. Kg2 Re5 51. Bf2 Re2 52. Kf3 Rxa2 53.
Rh1 Rb2 54. Bd4+ Be5 55. Bxb2 Bxb2 56. g4 hxg4+ 57. Kxg4 Kg7 58. h5 Kg8 59. h6
Bc3 60. Kg5 Kh7 61. Kf4 Bd2+ 62. Ke4 Bxh6 63. Kd4 Kg7 64. Kc4 Bd2 65. Rd1 Bc3
66. Rd3 Kf7 67. Rxc3 bxc3 68. Kxc3 Ke7 69. Kb4 Kd7 70. Kb5 Kc7 71. Kc5 Kb7 72.
Kb5 Kc7 73. Ka6 Kc6 74. b4 Kc7 75. b5 Kb8 76. Kb6 Ka8 77. Kc7 Ka7 78. b6+ Ka6
79. b7 Kb5 80. b8=Q+ Kc5 81. Qa7+ Kd5 82. Qa4 Kc5 83. Kd7 Kd5 84. Qb4 Ke5 85.
Qc4 Kf6 86. Qd5 Kg6 87. Qe5 Kf7 88. Qe6+ Kg7 89. Kd6 Kf8 90. Qh6+ Kf7 91. Ke5
Kg8 92. Qd6 Kg7 93. Qf6+ Kg8 94. Qe7 Kh8 95. Kf6 Kg8 96. Qg7# 1-0

[Event "DEM U10w 2016"]
[Site "Willingen GER"]
[Date "2016.05.15"]
[Round "1"]
[White "Scholz, Rika"]
[Black "Engelhardt, Wilhelmine"]
[Result "1-0"]
[Termination "normal"]
[Board "10"]
[WhiteElo "912"]
[BlackElo "1156"]
[PlyCount "79"]
[WhiteFideId "16240537"]
[BlackFideId "16245652"]
[EventCountry "GER"]
[EventRounds "11"]
[EventType "swiss"]
[EventDate "2016.05.14"]

1. e4 e6 2. d4 d5 3. Nc3 dxe4 4. Nxe4 e5 5. Be3 exd4 6. Bxd4 Nd7 7. Bc4 Ngf6 8.
Bxf6 gxf6 9. Nf3 b6 10. O-O Bb7 11. Nc3 c6 12. Re1+ Be7 13. Qd2 h6 14. Re2 Qc7
15. Rae1 O-O-O 16. Rxe7 Rhg8 17. Bxf7 Rg7 18. Be8 Rg8 19. Nd4 c5 20. Ne6 Rxg2+
21. Kf1 Qxh2 22. Bxd7+ Kb8 23. Qf4+ Qxf4 24. Nxf4 Ba6+ 25. Kxg2 Rg8+ 26. Kh3
Ka8 27. Re8+ Rxe8 28. Rxe8+ Kb7 29. Bc8+ Kc7 30. Bxa6 Kd7 31. Re1 Kd6 32. Ne4+
Ke5 33. Ng6+ Kf5 34. Nf8 h5 35. Nd6+ Kg5 36. Rg1+ Kf4 37. Ng6+ Kf3 38. Rg3+
Kxf2 39. Ne4+ Ke1 40. Rg1# 1-0

[Event "DEM U10w 2016"]
[Site "Willingen GER"]
[Date "2016.05.15"]
[Round "1"]
[White "Roncea, Andreea-Alexandra"]
[Black "Wörz, Ann-Sophie"]
[Result "1/2-1/2"]
[Termination "normal"]
[Board "12"]
[WhiteElo "857"]
[BlackElo "1145"]
[PlyCount "137"]
[WhiteFideId "16233115"]
[BlackFideId "16265890"]
[EventCountry "GER"]
[EventRounds "11"]
[EventType "swiss"]
[EventDate "2016.05.14"]

1. e4 e5 2. Nf3 Nc6 3. Nc3 Nf6 4. Bb5 a6 5. Ba4 Bc5 6. Nxe5 Nxe5 7. d4 Bxd4 8.
Qxd4 Ng6 9. O-O O-O 10. Bg5 h6 11. Be3 d6 12. Rad1 c5 13. Qc4 b5 14. Nxb5 axb5
15. Bxb5 Be6 16. Qd3 Qb8 17. Bc4 Bxc4 18. Qxc4 Qxb2 19. Rxd6 Qxa2 20. Qxa2 Rxa2
21. Bxc5 Nxe4 22. Rxg6 fxg6 23. Bxf8 Kxf8 24. Rc1 Nd2 25. c4 Nxc4 26. h3 Nd6
27. Rc6 Ne4 28. Rc8+ Kf7 29. Rc7+ Kf6 30. Rc6+ Ke5 31. Rxg6 Ra1+ 32. Kh2 Nxf2
33. Rxg7 Rh1+ 34. Kg3 Ne4+ 35. Kf3 Kf6 36. Rg4 Nd6 37. Rf4+ Ke5 38. Ke3 Re1+
39. Kf2 Ra1 40. Rb4 Ne4+ 41. Kf3 Ra3+ 42. Kg4 Rg3+ 43. Kh4 Rxg2 44. Rb5+ Kf4
45. Rb4 Rh2 46. Ra4 Kf5 47. Ra5+ Kg6 48. Ra6+ Nf6 49. Kg3 Rb2 50. h4 h5 51. Kf3
Rb3+ 52. Kg2 Rb5 53. Kg3 Kf5 54. Ra4 Ne4+ 55. Kf3 Rb3+ 56. Kg2 Rg3+ 57. Kh2 Kf4
58. Rc4 Kf3 59. Rxe4 Rg4 60. Rxg4 Kxg4 61. Kh1 Kxh4 62. Kh2 Kg4 63. Kh1 Kh3 64.
Kg1 h4 65. Kh1 Kg3 66. Kg1 Kg4 67. Kh2 h3 68. Kh1 Kg3 69. Kg1 1/2-1/2

[Event "DEM U10w 2016"]
[Site "Willingen GER"]
[Date "2016.05.15"]
[Round "1"]
[White "Müller, Helene"]
[Black "Wilmink, Anna"]
[Result "0-1"]
[Termination "normal"]
[Board "13"]
[WhiteElo "1107"]
[BlackElo "833"]
[PlyCount "30"]
[WhiteFideId "16240456"]
[BlackFideId "16273680"]
[EventCountry "GER"]
[EventRounds "11"]
[EventType "swiss"]
[EventDate "2016.05.14"]

1. e4 e6 2. Nf3 d5 3. e5 c5 4. c3 Nc6 5. d4 Qb6 6. Be2 Bd7 7. Be3 Qxb2 8. Nbd2
Qxc3 9. Rc1 Qb4 10. dxc5 Nh6 11. O-O Qg4 12. Nd4 Qg6 13. Nxc6 Bxc6 14. Nb3 d4
15. Nxd4 Qxg2# 0-1

[Event "DEM U10w 2016"]
[Site "Willingen GER"]
[Date "2016.05.15"]
[Round "1"]
[White "Gossing, Marie-Sophie"]
[Black "Peglau, Charis"]
[Result "0-1"]
[Termination "normal"]
[Board "14"]
[WhiteElo "808"]
[BlackElo "1097"]
[PlyCount "120"]
[WhiteFideId "16217284"]
[BlackFideId "16219996"]
[EventCountry "GER"]
[EventRounds "11"]
[EventType "swiss"]
[EventDate "2016.05.14"]

1. e4 e5 2. Nf3 Nc6 3. Bc4 Be7 4. Nc3 Nf6 5. d3 d6 6. Bg5 Bg4 7. Nd5 Nd4 8. c3
Nxf3+ 9. gxf3 Be6 10. Qc2 Bxd5 11. Bxd5 Nxd5 12. Bxe7 Nxe7 13. O-O-O Qd7 14. d4
Nc6 15. dxe5 Nxe5 16. f4 Nc6 17. e5 d5 18. c4 Ne7 19. Rd2 c6 20. Rg1 g6 21.
Rgd1 Qe6 22. Rd3 O-O-O 23. Qa4 a6 24. b4 dxc4 25. Rxd8+ Rxd8 26. Rxd8+ Kxd8 27.
Qd1+ Qd5 28. Qxd5+ Nxd5 29. Kc2 Nxf4 30. Kc3 b5 31. Kd4 Nd5 32. a3 Ke7 33. Kc5
Kd7 34. f4 Kc7 35. Kd4 Nxf4 36. Ke4 Nd5 37. h4 h5 38. Kf3 Kd7 39. Ke4 Ke6 40.
Kd4 Kd7 41. Ke4 Nc3+ 42. Kd4 Nb1 43. Ke4 Nxa3 44. Kf4 Nc2 45. Kg5 Ke6 46. Kf4
Nxb4 47. Ke3 c3 48. Ke2 Kxe5 49. Kd1 f5 50. Kc1 f4 51. Kd1 f3 52. Ke1 c2 53.
Kd2 f2 54. Ke2 c1=Q 55. Kxf2 Qc3 56. Ke2 Ke4 57. Kf2 Qf3+ 58. Kg1 Qe2 59. Kh1
Kf3 60. Kg1 Qg2# 0-1

[Event "DEM U10w 2016"]
[Site "Willingen GER"]
[Date "2016.05.15"]
[Round "1"]
[White "Becker, Linda"]
[Black "Tolpa, Amelie"]
[Result "1-0"]
[Termination "normal"]
[Board "15"]
[WhiteElo "1093"]
[BlackElo "808"]
[PlyCount "73"]
[WhiteFideId "16244753"]
[BlackFideId "16275756"]
[EventCountry "GER"]
[EventRounds "11"]
[EventType "swiss"]
[EventDate "2016.05.14"]

1. e4 e5 2. Nf3 Nc6 3. d4 d6 4. Nc3 Bg4 5. d5 Nd4 6. Be2 Be7 7. Be3 Nxf3+ 8.
Bxf3 Bd7 9. Qd3 Bh4 10. O-O-O Nf6 11. g3 Ng4 12. gxh4 Qxh4 13. Rdf1 O-O 14. Nb5
Rac8 15. Nxa7 Rb8 16. Kb1 b5 17. Nc6 Rb7 18. Qd2 Qf6 19. Bxg4 Bxg4 20. Bg5 Qf3
21. Rhg1 b4 22. Re1 Rb6 23. Rg3 Qxg3 24. hxg3 b3 25. cxb3 Ra6 26. a3 Rb6 27. b4
h6 28. Be3 Ra6 29. b5 Ra4 30. Rh1 Bf3 31. Rh2 Bxe4+ 32. Ka1 Rc4 33. Bxh6 gxh6
34. Qxh6 f5 35. Qh8+ Kf7 36. Rh7+ Kg6 37. Qg7# 1-0

[Event "DEM U10w 2016"]
[Site "Willingen GER"]
[Date "2016.05.15"]
[Round "1"]
[White "Feige, Adelina"]
[Black "Adelmeyer, Nelly"]
[Result "1-0"]
[Termination "normal"]
[Board "16"]
[WhiteElo "795"]
[BlackElo "1086"]
[PlyCount "151"]
[WhiteFideId "16265955"]
[BlackFideId "16203577"]
[EventCountry "GER"]
[EventRounds "11"]
[EventType "swiss"]
[EventDate "2016.05.14"]

1. e4 e5 2. Nf3 Nc6 3. Bc4 Be7 4. d3 Nf6 5. Bg5 O-O 6. O-O h6 7. Bh4 d6 8. h3
Bd7 9. Nbd2 Nh5 10. Nh2 Bxh4 11. Qxh5 Qg5 12. Qxg5 Bxg5 13. Ndf3 Bf4 14. Ng4
Bxg4 15. hxg4 a6 16. Rfe1 Nb4 17. Re2 b5 18. Bb3 a5 19. a3 Na6 20. Bd5 Rac8 21.
Bb7 Nc5 22. Bxc8 Rxc8 23. d4 exd4 24. Nxd4 Be5 25. Nc6 Bxb2 26. Ra2 Bc3 27.
Ne7+ Kf8 28. Nxc8 Bd4 29. Rd2 Be5 30. Na7 Nxe4 31. Rd3 Nc3 32. Rb2 Ne2+ 33. Kf1
Bxb2 34. Kxe2 b4 35. axb4 axb4 36. Rb3 Bd4 37. Nb5 Bb6 38. Rxb4 c6 39. Nxd6 Bc5
40. Rb8+ Ke7 41. Ne4 Bd4 42. Rb7+ Ke6 43. f4 f5 44. gxf5+ Kxf5 45. Kf3 g5 46.
Rd7 g4+ 47. Kg3 Kxe4 48. Kxg4 c5 49. Rd6 h5+ 50. Kg5 Be3 51. g3 Bf2 52. Re6+
Kd5 53. f5 Bxg3 54. Rh6 Bf2 55. Rxh5 c4 56. f6 Ke6 57. Rh7 Bc5 58. Rc7 Bb4 59.
Rc6+ Kf7 60. Rc7+ Ke6 61. f7 Bf8 62. Kg6 Kd6 63. Rc8 Ke7 64. Re8+ Kd7 65. Rxf8
Kc6 66. Re8 Kd5 67. f8=Q Kd4 68. Qd6+ Kc3 69. Re2 Kb2 70. Qb4+ Kc1 71. Re1+
Kxc2 72. Qxc4+ Kd2 73. Qe2+ Kc3 74. Qf3+ Kc2 75. Re2+ Kd1 76. Qf1# 1-0

[Event "DEM U10w 2016"]
[Site "Willingen GER"]
[Date "2016.05.15"]
[Round "1"]
[White "Krebs, Elisabeth"]
[Black "Arnold, Rubina"]
[Result "1-0"]
[Termination "normal"]
[Board "17"]
[WhiteElo "1076"]
[BlackElo "755"]
[PlyCount "59"]
[BlackFideId "16276272"]
[EventCountry "GER"]
[EventRounds "11"]
[EventType "swiss"]
[EventDate "2016.05.14"]

1. e4 d5 2. Nc3 Nf6 3. d3 g6 4. e5 Nh5 5. Nf3 Bg7 6. d4 e6 7. Bg5 Qd7 8. Bb5 c6
9. Ba4 O-O 10. O-O f6 11. exf6 Bxf6 12. Bh6 Bg7 13. Ne5 Qd6 14. Qg4 Bxe5 15.
Bxf8 Bxh2+ 16. Kh1 Ng3+ 17. fxg3 Bxg3 18. Bxd6 Bxd6 19. Qf3 e5 20. Qf7+ Kh8 21.
Qe8+ Kg7 22. Rf7+ Kh6 23. dxe5 Bxe5 24. Qxe5 Na6 25. Qg7+ Kg5 26. Qxh7 Bg4 27.
Raf1 Be6 28. R7f6 Bg8 29. Qxg6+ Kh4 30. R1f4# 1-0